000 01042cam a22002174a 4500
005 20250605163936.0
008 250528s ||||||||||||||||||||||||d
035 _a14866
020 _a155786280
040 _aGR-AtMCL
_bgre
_dGR-AtMCL
_eAACR2
245 1 _aThe New Social Economy / Reworking the Division of Labor
250 _a1st
260 _bBlackwell,
_c1992
300 _a312
520 _aThe authors provide illuminating, occasionally iconoclastic, perspectives on some of the most hotly-debated issues in contemporary social science. Preface, Introduction, Class and Gender and the Division of Labor, The Brave New World of the Service Economy: The Expanding Division of Labor, The Expanding Horizons of Industrial Organization, New Developments in Manufacturing: The Just-in-Time System, Beyond Fordism and Flexibility, Capitalism and Socialism and the Social Division of Labor, Bibliography, Index.
700 1 _aSayer Andrew
_9643
700 1 _aWalker Richard
_9644
942 _cBK
999 _c477
_d477